BRASAS BAJO LAS CENIZAS : HISTORIAS ANTICOTIDIANAS DEL MUNDO Y DE DIOS /

保存先:
書誌詳細
第一著者: Boff, Leonardo (autor)
フォーマット: 図書
シリーズ:ESTRUCTURAS Y PROCESOS. SERIE RELIGION
主題:
タグ: タグ追加
タグなし, このレコードへの初めてのタグを付けませんか!

MARC

LEADER 00000nam^a2200000^a^4500
001 000245150
005 20250521000000.0
009 20260310105448.53
020 |a 84-8164-191-X 
035 |a 064110 
037 |a Acervo Xavier Clavigero 
082 |a 242.  |b BOF 
100 |a Boff, Leonardo  |e (autor) 
245 1 0 |a BRASAS BAJO LAS CENIZAS :  |b HISTORIAS ANTICOTIDIANAS DEL MUNDO Y DE DIOS /  |c LEONARDO BOFF ; TR. JOSE LUIS CASTAÑEDA CAGIGAS 
264 |a MADRID :  |b TROTTA,  |c 1997 
300 |a 107 p. 
336 |a texto  |b txt  |2 rdacontenido 
337 |a sin mediación  |b n  |2 rdamedio 
338 |a volumen  |b nc  |2 rdasoporte 
440 |a ESTRUCTURAS Y PROCESOS. SERIE RELIGION 
649 |a XX 
650 |a Cuentos Brasileños 
650 |a Literatura Religiosa -  |z Brasil 
910 |a Fondo General 
920 |a Impresos - Libros 
930 |a Colección General 
905 |a 101 
901 |a 064110  |b IT1  |c ACC  |i 064110  |u 20250521 
902 |a https://opac.biblio.iteso.mx/vufind/Record/000245150